MDQL
is popping MORE tags! Check the
thread
!
Quizzes
Events
Quiz Creation
Community
Videos
Private Events
Remove Ads
Sign In
Join for FREE
Feedback
Dark Mode
Quiz Categories
Sports
Geography
Music
Movies
Television
Just For Fun
Miscellaneous
History
Literature
Language
Science
Gaming
Entertainment
Religion
Holiday
For Kids
Quiz Lab
Recent
Popular Today
Quiz Kudos Today
Editor Picks
Curator Picks
Quizzes by...
Day
Popularity
Type
Ratings
Length
Year
Community
Subscriptions
Recent Discussions
Orange Saloon
Badges
Playlists
Quests
Create
Leaderboards
Showdown
Live 5
Trivia Bingo
Activity
Puzzle Library
Sporcle Events
Private Events
Virtual Trivia
Globe League
Become a Host
Pub Owners
SporcleCon
Opinionation
Our Games
Videos
Blog
Mobile Apps
Partnerships
Remove Ads and Go Orange
Feedback
Sports
Athletes
MLB
NBA
NHL
NFL
Soccer
Sports Teams
WWE
NCAA
Football
Premier League
Basketball
Baseball
Hockey
Golf
Tennis
Cricket
Rugby
Auto Racing
Olympics
World Cup
Sports
Athletes
MLB
NBA
NHL
NFL
Soccer
Sports Teams
WWE
NCAA
Football
Premier League
Basketball
Baseball
Hockey
Golf
Tennis
Cricket
Rugby
Auto Racing
Olympics
World Cup
Random Quiz
Search Sporcle
×
Quiz Lab
Quiz Lab
Sports
State
Type in answers that appear in a list
Type in answers that appear in a list
Classic
Best Score? Go Orange.
Top Ten NHL Stats: Czech Republic Stats
Can you name the Top Ten NHL Stats: Czech Republic?
By
kmad
10m
60 Questions
1,406 Plays
1,406 Plays
1,406 Plays
Comments
Comments
Give Quiz Kudos
Give Quiz Kudos
-
- Ratings
hide this ad
More Info
Replay
Link that replays current quiz
Next Quiz
Link to next quiz in quiz playlist
You Got
0%
They Got
Avg Score
57%
Avg Friend Score
Upgrade to see
Score Distribution
Jump to the score distribution portion of the page
Score
0/60
Timer
10:00
0
Plays Today
% Correct
Jaromir Jagr
98.7%
Jaromir Jagr
98.7%
Jaromir Jagr
98.7%
Jaromir Jagr
98.7%
Jaromir Jagr
98.7%
Dominik Hasek
88.4%
Dominik Hasek
88.4%
Patrik Elias
74.4%
Patrik Elias
74.4%
Patrik Elias
74.4%
Tomas Vokoun
68.1%
Tomas Vokoun
68.1%
David Pastrnak
67.3%
Patrik Elias
66.5%
Martin Straka
65.6%
Martin Straka
65.6%
Milan Hejduk
63.1%
Milan Hejduk
63.1%
Roman Cechmanek
59.3%
Petr Mrazek
57.6%
David Krejci
57.4%
Milan Hejduk
57.2%
Jakub Voracek
56.5%
Jakub Voracek
56.5%
Roman Hamrlik
56.2%
Petr Nedved
56.2%
Roman Hamrlik
56.2%
Petr Nedved
56.2%
Roman Hamrlik
56.2%
Petr Nedved
56.2%
% Correct
David Krejci
55.9%
Bobby Holik
55.2%
Bobby Holik
55.2%
Bobby Holik
55.2%
Bobby Holik
55.2%
Petr Sykora
54.9%
Tomas Kaberle
54.2%
Petr Sykora
53.6%
Robert Lang
53%
Robert Lang
53%
Ondrej Pavelec
50.7%
Roman Turek
49.8%
Roman Turek
49.8%
Jakub Voracek
49.3%
Martin Rucinsky
49.3%
Vaclav Prospal
49%
Radim Vrbata
46.8%
Petr Svoboda
44.3%
Petr Svoboda
44.3%
Vaclav Prospal
43%
Vaclav Prospal
43%
Jiri Slegr
40.6%
Petr Mrazek
37%
Radek Dvorak
35.6%
Pavel Kubina
35.4%
David Krejci
34.4%
Radim Vrbata
33%
Radko Gudas
32.1%
Petr Klima
31.1%
Frantisek Musil
14.2%
Quiz Playlist
Details
Report
Send in Message
Add To Playlist
More Info:
Asterisk (*) indicates active player. Updated 6/02/2023
Classic:
Type in answers that appear in a list
Last Updated: Jun 3, 2023
Quiz Scoreboard
CHALLENGE
Sign Up to Join the Scoreboard
Show All
Scores
Hide
Comments
May contain spoilers
Recently Published
Two Season TV Shows II
by 123Four
Television
10m
Image Sorting: Flags VI
by Barbecue
Geography
2m
Find the 'City' Movie
by crazypaving
Movies
60s
More to Explore
Quiz From the Vault
Featured Blog Post
14 Easter Pick-up Lines to Find Eggs With
hide this ad
You Might Also Like...
Tags
NHL Quiz
State Quiz
Czech
Czechia
republic
ten
Today's Top Quizzes in Sports
Browse Sports
hide this ad
Today's Top Quizzes in State
Browse State
Top Contributed Quizzes in Sports
1
Les meilleurs buteurs des matchs entre le PSG et l’OM
2
Les entraîneurs de l'OM et du PSG au 21e siècle
3
2022 World Cup Stars
4
Les joueurs passés par le PSG et l'OM
5
Players with Multiple 50 Home Run Seasons
6
Criteria MLB: Left Handed Sluggers
7
FIFA Club World Cup Champions
8
Les joueurs passés par le LOSC et le RC Lens
9
NBA Logic Puzzle 2.0
10
Top 10 NHL Goal Scorers of All Time
Explore More
Trending Topics
NBA
Harry Potter
Kpop
Anime
Crossword
Marvel
Disney
Song
NFL
Country
WWE
Soccer
Puzzle
The Office
Pokémon
hide this ad
More By:
kmad
Quiz
Plays
Rating
Category
Featured
Created
NHL Top 200 Goal Scorers (Career)
185,090
4.60
Sports
Jan 3, 2010
NHL 60 Goals In a Season
69,355
4.67
Sports
Oct 16, 2009
40 Goal NHL Seasons, 00s-10s
68,093
4.59
Sports
Oct 5, 2010
NHL Hart Trophy Votes, '00s & '10s
49,672
4.45
Sports
Nov 22, 2009
NHL Most Points per Position/Team
28,107
4.45
Sports
Dec 23, 2011
Go to Creator's Profile
Score Distribution
Quiz Creator Spotlight
kmad
Follow
Send a Message
Quizzes Created
-
Created Quiz Play Count
-
More By This Creator
Popular Quizzes Today
1
Colored Red Africa Blitz
2
Find the US States - No Outlines Minefield
3
Find the 'City' Movie
4
5x2 Blitz: Bands
5
The Countries of the World
6
Find the US States
7
Find the Countries of Europe - No Outlines Minefield
8
US States
More Sports Quizzes
MLB Ballpark Reveal X
Quiz Lab
Trending Quizzes
Colored Red Europe Blitz I
Colored Red Africa Blitz II
Colored Red Europe Blitz II
Colored Red Africa Blitz III
Colored Red Europe Blitz III
Recently Updated
How Do You Spell That?
pecheneg
Godzilla Movies
pecheneg
Grab Bag: 4-10 Letters
pecheneg
2024 March Madness Bracket
pecheneg
Famous TV Couples
Peacemaker
Champions League XIs: Real Madrid
pecheneg
Largest US Cities 1790-2010
pecheneg
Rides in Walt Disney World
pecheneg
Most Oscar Losses (Acting)
pecheneg
Beyoncé Albums
pecheneg
Trending Topics
Harry Potter
Anime
Kpop
Marvel
Crossword
Disney
NBA
NFL
Puzzle
The Office
Song
Pokémon
Soccer
WWE
Country
Your Account Isn't Verified!
In order to create a playlist on Sporcle, you need to verify the email address you used during registration. Go to your
Sporcle Settings
to finish the process.
Report this User
Report this user for behavior that violates our
Community Guidelines
.
Details:
Send Report
Go to the Sporcle.com Mobile Site →
Comments